00517nam a2200157Ia 4500008004100000041000800041082001800049100002200067245004500089250001400134260003500148300003300183365000700216999001300223952012300236240624s9999 xx 000 0 und d aeng a620.0068 BELL aFREEMAN BELL GAIL aMANAGEMENT IN ENGINEERING PRINCIPLES AND a(2nd ed.) c2003aNew DelhibPrentice-Hall axxiii, : 493 : p. : cm. ; 25 cRS c208d208 00104070aIMTNbIMTNcRack 19-Bd2004-10-20eJBDg195.00o620.0068 BELLp208r2025-01-13 00:00:00t1w2024-06-24yBK